Bartleby el escribiente

Zapisane w:
Opis bibliograficzny
1. autor: Melville, Herman, 1819-1891 (autor)
Format: Książka
Język:hiszpański
Wydane: Buenos Aires Libreria La Ciudad 1979
Seria:<La >Biblioteca de Babel, 5
Hasła przedmiotowe:
Etykiety: Dodaj etykietę
Nie ma etykietki, Dołącz pierwszą etykiete!

MARC

LEADER 00000nam a2200000 a 4500
001 UCQ0058
003 CL-VaPUC
008 980619e19790000AG |||||||||||||||||spa|d
082 0 4 |a 813  |b MEL  |2 21 
100 |a Melville, Herman,  |d 1819-1891  |e autor  |9 308857 
245 1 0 |a Bartleby el escribiente 
300 |a 67 p 
942 |c BK 
945 |d 19980619 00:00:00  |a mvenant 
260 |a Buenos Aires  |b Libreria La Ciudad  |c 1979 
650 0 |a Novelas estadounidenses  |9 265217 
650 7 |a LITERATURA FANTASTICA ESDOUNIDENSE  |2 CL-VaPUC  |9 413064 
650 0 |a Literatura fantástica   |9 266050 
583 |a last modification  |c 19980619 00:00:00  |k Rodrigo Vera 
490 0 |a <La >Biblioteca de Babel, 5 
999 |c 271220  |d 271218 
952 |0 0  |1 0  |4 0  |6 813_000000000000000_MEL_1979  |7 0  |8 A  |9 305809  |a BIBARQ  |b BIBARQ  |d 2019-11-20  |i 343723K  |o 813 MEL 1979  |p 343723K  |r 2025-01-20  |w 2019-11-20  |y BK  |k ARQ